[Event "26. Erfurter Schachfestival 2016 - MT"]
[Site "Erfurt"]
[Date "2016.12.28"]
[Round "4.8"]
[White "Pfreundt, Jakob"]
[Black "Skibbe, Willi"]
[Result "1-0"]
[WhiteElo "2327"]
[BlackElo "2279"]
[PlyCount "43"]
[EventDate "2016.12.26"]
[EventCountry "GER"]

1. e4 d5 2. exd5 Qxd5 3. Nf3 Bg4 4. Be2 Nc6 5. O-O O-O-O 6. h3 Bxf3 7. Bxf3 Qd7
8. Re1 Nf6 9. d3 Nd4 10. Nc3 e6 11. Be3 Bc5 12. Bd2 h6 13. Rb1 g5 14. b4 Bb6
15. a4 Nxf3+ 16. Qxf3 Nd5 17. a5 Bd4 18. Ne2 Be5 19. c4 Ne7 20. d4 Bxd4 21.
Nxd4 Qxd4 22. Bc3 1-0

[Event "26. Erfurter Schachfestival 2016 - MT"]
[Site "Erfurt"]
[Date "2016.12.28"]
[Round "4.9"]
[White "Glantz, Robert"]
[Black "Haag, Wolfgang"]
[Result "1-0"]
[WhiteElo "2314"]
[BlackElo "2184"]
[PlyCount "61"]
[EventDate "2016.12.26"]
[EventCountry "GER"]

1. e4 d5 2. exd5 Qxd5 3. Nc3 Qd8 4. d4 Nf6 5. Nf3 Bf5 6. Ne5 c6 7. Bc4 e6 8. g4
Bg6 9. h4 Bb4 10. a3 Bxc3+ 11. bxc3 Nbd7 12. Nxg6 hxg6 13. Rh3 Qa5 14. Qf3
O-O-O 15. Kf1 Nb6 16. Bb3 Rd7 17. Bf4 c5 18. dxc5 Qxc5 19. Qe2 Nfd5 20. Qe5 Qc7
21. Qxc7+ Nxc7 22. Be5 Rh7 23. Re1 Ncd5 24. c4 Ne7 25. c5 Nbd5 26. Ba4 Nc6 27.
Bd6 Nb6 28. Bxc6 bxc6 29. Rb1 Rxd6 30. cxd6 Kd7 31. Rd1 1-0

[Event "26. Erfurter Schachfestival 2016 - MT"]
[Site "Erfurt"]
[Date "2016.12.28"]
[Round "4.10"]
[White "Lopez-Rojas, Jeffrey"]
[Black "Friedrich, Wiede"]
[Result "0-1"]
[WhiteElo "2181"]
[BlackElo "2302"]
[PlyCount "68"]
[EventDate "2016.12.26"]
[EventCountry "GER"]

1. d4 d5 2. Nf3 Nf6 3. g3 c5 4. Bg2 Nc6 5. O-O e6 6. c4 Be7 7. Nc3 dxc4 8. dxc5
Qa5 9. Nd4 Nxd4 10. Qxd4 Qxc5 11. Be3 Qb4 12. a3 Qb3 13. Ne4 O-O 14. Nd2 Qb5
15. Qxc4 Qh5 16. Bf3 Qf5 17. b4 a6 18. Rac1 a5 19. Nb3 axb4 20. axb4 Bd7 21.
Bxb7 Rab8 22. Na5 Bb5 23. Qc7 Bxb4 24. Bc5 Bxa5 25. Qxa5 Bxe2 26. Rfe1 Rxb7 27.
Rxe2 Rc8 28. Qa3 h5 29. Be3 Rxc1+ 30. Bxc1 Rb1 31. Qa8+ Kh7 32. Re1 Ng4 33. f3
Qc5+ 34. Kh1 Rxc1 0-1

[Event "26. Erfurter Schachfestival 2016 - MT"]
[Site "Erfurt"]
[Date "2016.12.28"]
[Round "4.11"]
[White "Middelhoff, Cornelius"]
[Black "Lubbe, Melanie"]
[Result "0-1"]
[WhiteElo "2125"]
[BlackElo "2295"]
[PlyCount "98"]
[EventDate "2016.12.26"]
[EventCountry "GER"]

1. d4 Nf6 2. c4 g6 3. Nc3 Bg7 4. e4 d6 5. Be2 O-O 6. Nf3 Nbd7 7. O-O e5 8. Re1
Re8 9. Bf1 a6 10. d5 a5 11. Rb1 Nc5 12. b3 Bd7 13. a3 a4 14. b4 Nb3 15. h3 Nh5
16. Nd2 Nxc1 17. Rxc1 Bh6 18. g3 Ng7 19. Rc2 f5 20. Bg2 Bg5 21. Nf3 Bf6 22. Nh2
h5 23. h4 f4 24. Bf3 Rf8 25. Na2 Qe8 26. Nc1 fxg3 27. fxg3 g5 28. hxg5 Bxg5 29.
Kh1 Qg6 30. Nd3 Rf7 31. g4 h4 32. Rg2 Raf8 33. Qe2 Ne8 34. Rgg1 Nf6 35. Ref1
Nh7 36. Bg2 Bd8 37. Rxf7 Rxf7 38. Rf1 Rxf1+ 39. Bxf1 Nf6 40. Nf2 c6 41. Bg2 Bb6
42. Bf3 Qg5 43. Nd3 Nh5 44. Nf1 Nf4 45. Nxf4 Qxf4 46. Bg2 Bd4 47. dxc6 Bxc6 48.
c5 dxc5 49. bxc5 Kg7 0-1

[Event "26. Erfurter Schachfestival 2016 - MT"]
[Site "Erfurt"]
[Date "2016.12.28"]
[Round "4.12"]
[White "Zelbel, Patrick"]
[Black "Schuette, Marc"]
[Result "1/2-1/2"]
[WhiteElo "2448"]
[BlackElo "2108"]
[PlyCount "39"]
[EventDate "2016.12.26"]
[EventCountry "GER"]

1. e4 e5 2. Nf3 Nc6 3. Bb5 f5 4. d3 fxe4 5. dxe4 Nf6 6. O-O d6 7. Qd3 a6 8. Bc4
Na5 9. Ng5 Nxc4 10. Qxc4 Qe7 11. f4 h6 12. Nf3 d5 13. Qb3 dxe4 14. Nxe5 Be6 15.
Qg3 Bf5 16. Ng6 Nh5 17. Nxe7 Nxg3 18. hxg3 Bxe7 19. Be3 Bf6 20. Nc3 1/2-1/2

[Event "26. Erfurter Schachfestival 2016 - MT"]
[Site "Erfurt"]
[Date "2016.12.28"]
[Round "4.13"]
[White "Hendriks, Willy"]
[Black "Schütte, Andreas"]
[Result "1-0"]
[WhiteElo "2396"]
[BlackElo "2175"]
[PlyCount "91"]
[EventDate "2016.12.26"]
[EventCountry "GER"]

1. c4 b6 2. b3 Bb7 3. Bb2 Nf6 4. Nf3 e6 5. e3 Be7 6. d4 d5 7. Bd3 O-O 8. O-O
Nbd7 9. Nc3 c5 10. Qe2 a6 11. Rfd1 Qc7 12. Rac1 dxc4 13. bxc4 Bd6 14. d5 e5 15.
e4 g6 16. Nh4 Nh5 17. g3 Ng7 18. Qc2 f6 19. Rf1 Rf7 20. Nd1 Nf8 21. Ne3 Bc8 22.
f3 h5 23. Rf2 Kh7 24. Kh1 g5 25. Nhf5 Ng6 26. Rg1 Bd7 27. Qe2 Rh8 28. Rfg2 Rg8
29. h4 Rh8 30. Bc1 Bc8 31. Qc2 Qd8 32. Rh2 Bc7 33. Qd2 Bb8 34. Nxg7 Kxg7 35.
Nf5+ Kf8 36. hxg5 fxg5 37. Qxg5 Qxg5 38. Bxg5 Bxf5 39. exf5 Ne7 40. f6 Nc8 41.
Bg6 Rb7 42. Rxh5 Rxh5+ 43. Bxh5 Rh7 44. g4 Nd6 45. Rc1 Bc7 46. Kg2 1-0

[Event "26. Erfurter Schachfestival 2016 - MT"]
[Site "Erfurt"]
[Date "2016.12.28"]
[Round "4.14"]
[White "Berchtenbreiter, Maximilian"]
[Black "Nguyen, Huy Dat"]
[Result "1/2-1/2"]
[WhiteElo "2384"]
[BlackElo "2168"]
[PlyCount "23"]
[EventDate "2016.12.26"]
[EventCountry "GER"]

1. d4 Nf6 2. Nf3 g6 3. Bf4 Bg7 4. c3 O-O 5. Qc1 d6 6. Bh6 Nc6 7. h4 Bg4 8. Nh2
e5 9. d5 Ne7 10. e4 Bd7 11. Bxg7 Kxg7 12. Nd2 1/2-1/2

[Event "26. Erfurter Schachfestival 2016 - MT"]
[Site "Erfurt"]
[Date "2016.12.28"]
[Round "4.15"]
[White "Alvarado Ascanio, Francisco"]
[Black "Urban, Konstantin"]
[Result "0-1"]
[WhiteElo "2199"]
[BlackElo "2368"]
[PlyCount "84"]
[EventDate "2016.12.26"]
[EventCountry "GER"]

1. d4 Nf6 2. c4 g6 3. Nc3 Bg7 4. e4 d6 5. Be2 O-O 6. Nf3 e5 7. d5 a5 8. Bg5 Na6
9. Nd2 h6 10. Be3 Ne8 11. g4 f5 12. gxf5 gxf5 13. exf5 Bxf5 14. Bg4 Bh7 15.
Nde4 Kh8 16. h4 Nf6 17. Bg5 Nxe4 18. Bxd8 Nxf2 19. Qe2 Nd3+ 20. Kd2 Rf2 21. Bg5
Rxe2+ 22. Bxe2 Nxb2 23. Raf1 hxg5 24. hxg5 Kg8 25. Bh5 Bd3 26. Bf7+ Kf8 27.
Bh5+ Kg8 28. Bf7+ Kf8 29. Bg6+ Bxf1 30. Rxf1+ Kg8 31. Bf7+ Kh8 32. Ne4 Nc5 33.
Nf6 Bxf6 34. gxf6 Ne4+ 35. Kc2 Nxf6 36. Kxb2 Kg7 37. Be6 Rh8 38. Rg1+ Kf8 39.
Rg6 Nh5 40. Rg5 Ng7 41. Bg4 Rh2+ 42. Kb3 Rg2 0-1

[Event "26. Erfurter Schachfestival 2016 - MT"]
[Site "Erfurt"]
[Date "2016.12.28"]
[Round "5.1"]
[White "Schmaltz, Roland"]
[Black "Carlstedt, Jonathan"]
[Result "1/2-1/2"]
[WhiteElo "2487"]
[BlackElo "2412"]
[PlyCount "134"]
[EventDate "2016.12.26"]
[EventCountry "GER"]

1. b3 d5 2. Bb2 Bg4 3. h3 Bh5 4. g3 Nc6 5. d4 Qd6 6. Bg2 O-O-O 7. Qd2 Nf6 8.
Nc3 Bg6 9. e3 h5 10. Nge2 e6 11. Nf4 Bf5 12. a3 h4 13. g4 Ne4 14. Nxe4 Bxe4 15.
f3 Bh7 16. O-O-O Nb8 17. Nd3 Nd7 18. e4 Qa6 19. Nb4 Qa5 20. Qc3 dxe4 21. fxe4
Be7 22. Kb1 Qb6 23. Rhf1 f6 24. Rfe1 Kb8 25. Nd3 Rhf8 26. b4 Bg8 27. e5 fxe5
28. Nxe5 Nxe5 29. Rxe5 Bf6 30. Ree1 Rd6 31. Bf3 Bh7 32. Re5 Rfd8 33. Rc5 a6 34.
g5 Be7 35. Re1 Bg6 36. Qb3 Rf8 37. a4 c6 38. Be4 Bxe4 39. Rxe4 Rd5 40. Rc4 Rxg5
41. Rxe6 Rg3 42. Rc3 Rf1+ 43. Ka2 Qxb4 44. Rxg3 hxg3 45. Qxg3+ Kc8 46. Qb3
Qxb3+ 47. Kxb3 Rf3+ 48. Ka2 Kd7 49. d5 cxd5 50. Rb6 Kc7 51. Rg6 Bf6 52. Bxf6
gxf6 53. h4 Kb6 54. h5 Kc5 55. h6 f5 56. Rg7 Rh3 57. h7 b6 58. Rf7 a5 59. Kb2
f4 60. c3 f3 61. Rxf3 Rxh7 62. Kb3 b5 63. axb5 Kxb5 64. Rf1 Re7 65. Rf4 Kc5 66.
Ra4 Rb7+ 67. Ka3 Rb5 1/2-1/2

[Event "26. Erfurter Schachfestival 2016 - MT"]
[Site "Erfurt"]
[Date "2016.12.28"]
[Round "5.2"]
[White "Friedrich, Wiede"]
[Black "Lampert, Jonas"]
[Result "1/2-1/2"]
[WhiteElo "2302"]
[BlackElo "2500"]
[PlyCount "95"]
[EventDate "2016.12.26"]
[EventCountry "GER"]

1. e4 e5 2. Nf3 Nc6 3. Bc4 Nf6 4. Ng5 d5 5. exd5 Na5 6. Bb5+ c6 7. dxc6 bxc6 8.
Bd3 Nd5 9. Nf3 Bd6 10. O-O Nf4 11. Re1 Nxd3 12. cxd3 O-O 13. Nxe5 Qc7 14. Nf3
Bg4 15. h3 Bh5 16. b4 Bxb4 17. Ba3 c5 18. Bb2 Nc6 19. Nc3 Rad8 20. Ne4 Rxd3 21.
Re3 Rfd8 22. Qe2 Rxe3 23. Qxe3 Bxf3 24. Qxf3 Nd4 25. Qh5 Qf4 26. d3 g6 27. Qg4
Qxg4 28. hxg4 f5 29. gxf5 gxf5 30. Ng3 Kf7 31. Kf1 Kg6 32. Ne2 Nxe2 33. Kxe2 c4
34. Rd1 c3 35. Bc1 Rd5 36. a3 Bf8 37. d4 Ra5 38. Rd3 Bxa3 39. Rxc3 Be7 40. Rc6+
Bf6 41. d5 Kf7 42. Rc7+ Kg6 43. d6 Rd5 44. d7 a5 45. Ra7 Bd8 46. Bd2 Kf6 47.
Ra8 Rxd7 48. Bxa5 1/2-1/2

[Event "26. Erfurter Schachfestival 2016 - MT"]
[Site "Erfurt"]
[Date "2016.12.28"]
[Round "5.3"]
[White "Enders, Peter"]
[Black "Pfreundt, Jakob"]
[Result "1/2-1/2"]
[WhiteElo "2446"]
[BlackElo "2327"]
[PlyCount "116"]
[EventDate "2016.12.26"]
[EventCountry "GER"]

1. b3 e5 2. Bb2 Nc6 3. e3 Nf6 4. Nf3 e4 5. Nd4 Nxd4 6. Bxd4 Be7 7. d3 exd3 8.
Bxd3 d5 9. Nd2 O-O 10. O-O Bg4 11. Qc1 c5 12. Bb2 Qd7 13. Re1 Bf5 14. e4 dxe4
15. Nxe4 Nxe4 16. Bxe4 Bxe4 17. Rxe4 Rfe8 18. Qe3 Bf8 19. Re1 Rxe4 20. Qxe4 Rd8
21. h3 Qd5 22. Qxd5 Rxd5 23. Bc3 f6 24. Kf1 Kf7 25. Re4 h5 26. Ke2 g6 27. Bd2
f5 28. Ra4 a6 29. Be3 Ke6 30. g4 hxg4 31. hxg4 Be7 32. gxf5+ gxf5 33. Kf3 Rd8
34. Rc4 Rd5 35. Rc3 Re5 36. Bf4 Re4 37. Rd3 Re1 38. a4 b5 39. axb5 axb5 40. Be3
Bd6 41. c4 Ra1 42. cxb5 Ra5 43. Bf4 Bxf4 44. Kxf4 Rxb5 45. Kg5 Rb4 46. f4 c4
47. Re3+ Kf7 48. bxc4 Rxc4 49. Re5 Rc6 50. Rxf5+ Kg7 51. Ra5 Rb6 52. Ra7+ Kf8
53. f5 Rc6 54. Rh7 Kg8 55. Re7 Kf8 56. Re6 Rxe6 57. fxe6 Ke7 58. Kf5 Ke8
1/2-1/2

[Event "26. Erfurter Schachfestival 2016 - MT"]
[Site "Erfurt"]
[Date "2016.12.28"]
[Round "5.4"]
[White "Brüdigam, Martin"]
[Black "Glantz, Robert"]
[Result "0-1"]
[WhiteElo "2412"]
[BlackElo "2314"]
[PlyCount "146"]
[EventDate "2016.12.26"]
[EventCountry "GER"]

1. e4 c5 2. Nf3 e6 3. g3 Nc6 4. Bg2 Nf6 5. Qe2 e5 6. O-O Be7 7. c3 O-O 8. Na3
Re8 9. d3 h6 10. Nc4 Bf8 11. a4 d6 12. h3 Be6 13. Ne3 Qd7 14. Kh2 d5 15. exd5
Nxd5 16. Nc4 Bf5 17. Nfxe5 Nxe5 18. Nxe5 Qe6 19. f4 Rad8 20. Qf3 f6 21. Ng4 Rd7
22. Nf2 Bh7 23. Kg1 Kh8 24. a5 Qa6 25. Rd1 Ne7 26. Bf1 Qe6 27. Rd2 Red8 28. Re2
Qb3 29. Ra3 Qf7 30. Re1 Nd5 31. Ra1 Ne7 32. Be3 Nf5 33. Bd2 Qb3 34. Bc1 Ne7 35.
Kh2 Bg8 36. Qd1 Qf7 37. Qe2 Nf5 38. Qg4 Bh7 39. Qf3 Ne7 40. Be3 Nf5 41. Bd2 Qb3
42. Bc1 Nd6 43. Ra3 Qf7 44. Ra4 Qb3 45. Qd1 Qf7 46. Bg2 Nf5 47. Be4 Bd6 48. Qf3
Bf8 49. Ra1 Ne7 50. f5 Nc6 51. Bf4 Qb3 52. Re2 a6 53. g4 Qb5 54. h4 Nxa5 55. g5
c4 56. d4 Bxf5 57. gxf6 gxf6 58. Be5 Bxe4 59. Qxf6+ Bg7 60. Qxh6+ Bh7 61. Rg1
Rg8 62. Rxg7 Rgxg7 63. Ne4 Nc6 64. Nd6 Nxe5 65. dxe5 Qd5 66. Qf6 Qd1 67. Rg2
Qh5 68. Kh3 Bg8 69. Nf5 Rdf7 70. Qh6+ Qxh6 71. Nxh6 Rf3+ 72. Kh2 Rxg2+ 73. Kxg2
Rd3 0-1

[Event "26. Erfurter Schachfestival 2016 - MT"]
[Site "Erfurt"]
[Date "2016.12.28"]
[Round "5.5"]
[White "Wöllermann, Jan"]
[Black "Lubbe, Melanie"]
[Result "0-1"]
[WhiteElo "2388"]
[BlackElo "2295"]
[PlyCount "76"]
[EventDate "2016.12.26"]
[EventCountry "GER"]

1. d4 Nf6 2. c4 g6 3. Nc3 Bg7 4. e4 d6 5. Be2 O-O 6. Be3 e5 7. d5 a5 8. g4 Na6
9. g5 Ne8 10. h4 f5 11. gxf6 Nxf6 12. h5 gxh5 13. Bxh5 Nc5 14. f3 c6 15. Qd2 b5
16. cxb5 cxb5 17. Nxb5 Ba6 18. Bxc5 Bxb5 19. Bf2 Rc8 20. Rc1 Rxc1+ 21. Qxc1 Qd7
22. Qd2 a4 23. Rh4 Ba6 24. Qa5 Qc8 25. Qd2 Qc4 26. Ne2 Rb8 27. Bg4 Nxg4 28.
Rxg4 Qxe2+ 29. Qxe2 Bxe2 30. Kxe2 Rxb2+ 31. Ke3 Rxa2 32. Bh4 Kf7 33. Rg1 Bh6+
34. Kd3 Ra3+ 35. Kc4 Rxf3 36. Kb5 a3 37. Kc6 Be3 38. Rb1 Bd4 0-1

[Event "26. Erfurter Schachfestival 2016 - MT"]
[Site "Erfurt"]
[Date "2016.12.28"]
[Round "5.7"]
[White "Hundack, Rolf"]
[Black "Hendriks, Willy"]
[Result "0-1"]
[WhiteElo "2122"]
[BlackElo "2396"]
[PlyCount "122"]
[EventDate "2016.12.26"]
[EventCountry "GER"]

1. c4 g6 2. Nc3 Bg7 3. Nf3 d6 4. g3 e5 5. d4 Nd7 6. Bg2 Ngf6 7. O-O O-O 8. b3
c6 9. dxe5 dxe5 10. Ba3 Re8 11. e4 Qa5 12. Qc1 Bf8 13. Bxf8 Nxf8 14. h3 Ne6 15.
Qe3 Qc5 16. Qh6 Nd4 17. Rad1 Nxf3+ 18. Bxf3 Be6 19. Kg2 b5 20. Rc1 bxc4 21. Nd1
Qf8 22. Qg5 Nd7 23. bxc4 f6 24. Qe3 Nc5 25. h4 Red8 26. Be2 Rd4 27. f3 Rad8 28.
Nf2 Qe7 29. Rc2 Kg7 30. Rb1 Qc7 31. Qa3 Qe7 32. Rcb2 R4d7 33. g4 Bf7 34. Nh3
Ne6 35. Qc3 Qc5 36. Rb7 Rd2 37. R1b2 Rxb2 38. Rxb2 Rd7 39. Kf1 Nd4 40. Qb4 Qxb4
41. Rxb4 a5 42. Ra4 Rb7 43. Bd3 Nxf3 44. Nf2 Ra7 45. g5 fxg5 46. hxg5 Be6 47.
Ke2 Nxg5 48. Ke3 h5 49. Bf1 h4 50. Nd3 Kf6 51. Nc5 Bh3 52. Bxh3 Nxh3 53. Nb3
Nf4 54. Kf2 g5 55. Rxa5 Rd7 56. Ra8 g4 57. Rf8+ Kg7 58. Rf5 g3+ 59. Kf3 Rd3+
60. Kg4 g2 61. Rg5+ Kh6 0-1

[Event "26. Erfurter Schachfestival 2016 - MT"]
[Site "Erfurt"]
[Date "2016.12.28"]
[Round "5.8"]
[White "Urban, Konstantin"]
[Black "Vöge, Tobias"]
[Result "1-0"]
[WhiteElo "2368"]
[BlackElo "2250"]
[PlyCount "43"]
[EventDate "2016.12.26"]
[EventCountry "GER"]

1. e4 e6 2. d4 d5 3. Nd2 Nf6 4. e5 Nfd7 5. Bd3 c5 6. c3 Nc6 7. Ndf3 cxd4 8.
cxd4 f6 9. exf6 Nxf6 10. Nh3 Bd6 11. O-O O-O 12. Re1 Qc7 13. Nhg5 e5 14. dxe5
Nxe5 15. Bxh7+ Kh8 16. Nh4 Nxh7 17. Rxe5 Nxg5 18. Rxg5 Bxh2+ 19. Kh1 Rf6 20.
Be3 Rh6 21. Rh5 Bf4 22. Bxf4 1-0

[Event "26. Erfurter Schachfestival 2016 - MT"]
[Site "Erfurt"]
[Date "2016.12.28"]
[Round "5.9"]
[White "Pons Carreras, David"]
[Black "Kaunzinger, Albert"]
[Result "1/2-1/2"]
[WhiteElo "2335"]
[BlackElo "2217"]
[PlyCount "100"]
[EventDate "2016.12.26"]
[EventCountry "GER"]

1. Nf3 d5 2. c4 c6 3. e3 Nf6 4. d4 Bg4 5. h3 Bxf3 6. Qxf3 e6 7. Nc3 Nbd7 8. Qd1
Bd6 9. Be2 dxc4 10. Bxc4 O-O 11. O-O b5 12. Be2 b4 13. Na4 e5 14. dxe5 Nxe5 15.
b3 Qe7 16. Bb2 Ne4 17. Qc2 f5 18. Rad1 Rac8 19. f4 Nd7 20. Bd3 Ndf6 21. Rfe1
Rfe8 22. Bd4 Nd5 23. Bxe4 Qxe4 24. Qxe4 Rxe4 25. Bxa7 Be7 26. Kf2 g5 27. g3 h5
28. Nb6 Nxb6 29. Bxb6 h4 30. Rg1 hxg3+ 31. Rxg3 Kf7 32. fxg5 c5 33. Rd7 Ke6 34.
Rc7 Ra8 35. Bxc5 Rxa2+ 36. Kf3 Bxc5 37. Rxc5 Rb2 38. Rc4 Rxc4 39. bxc4 Kf7 40.
g6+ Kg7 41. Rg1 Rh2 42. Kg3 Rc2 43. Kf4 Rxc4+ 44. Kxf5 Rh4 45. Rc1 Rh5+ 46. Kg4
Rb5 47. Kf4 b3 48. Ke4 Kxg6 49. Rb1 b2 50. Kf3 Rb3 1/2-1/2

[Event "26. Erfurter Schachfestival 2016 - MT"]
[Site "Erfurt"]
[Date "2016.12.28"]
[Round "5.10"]
[White "Polster, Christian"]
[Black "Grigorian, Spartak"]
[Result "0-1"]
[WhiteElo "2242"]
[BlackElo "2335"]
[PlyCount "106"]
[EventDate "2016.12.26"]
[EventCountry "GER"]

1. e4 c5 2. Nc3 a6 3. Nf3 d6 4. d4 cxd4 5. Nxd4 Nf6 6. h3 e6 7. g4 b5 8. Bg2
Bb7 9. a3 Be7 10. O-O Nfd7 11. f4 Nc6 12. Be3 Nxd4 13. Qxd4 O-O 14. Rad1 Rc8
15. e5 Bxg2 16. Kxg2 d5 17. Qd2 Qc7 18. Bd4 b4 19. axb4 Bxb4 20. Qe3 Rfe8 21.
Ra1 Qb7 22. Kh2 Rc4 23. Rae1 Bc5 24. Bxc5 Nxc5 25. f5 Qxb2 26. Rf3 d4 27. Qf4
exf5 28. Nd5 Ne6 29. Nf6+ gxf6 30. exf6 Qb8 31. Qxb8 Rxb8 32. gxf5 Rxc2+ 33.
Kh1 Rc3 34. Rg1+ Kh8 35. Rxc3 dxc3 36. fxe6 fxe6 37. f7 Rf8 38. Rc1 Rxf7 39.
Rxc3 a5 40. Rc6 Ra7 41. Rxe6 a4 42. Re2 a3 43. Ra2 Kg7 44. Kg1 Kf6 45. Kf2 Ke5
46. Ke3 Ra4 47. Kd2 Kf4 48. Kc2 Kg3 49. h4 h5 50. Kb3 Ra7 51. Kc4 Kxh4 52. Kd4
Kg3 53. Rxa3+ Rxa3 0-1

[Event "26. Erfurter Schachfestival 2016 - MT"]
[Site "Erfurt"]
[Date "2016.12.28"]
[Round "5.11"]
[White "Schmitzer, Klaus"]
[Black "Stein, Robert"]
[Result "1-0"]
[WhiteElo "2296"]
[BlackElo "2197"]
[PlyCount "93"]
[EventDate "2016.12.26"]
[EventCountry "GER"]

1. e4 c5 2. Nf3 d6 3. d4 cxd4 4. Nxd4 Nf6 5. Nc3 a6 6. f3 e5 7. Nb3 Be6 8. Be3
Be7 9. Qd2 O-O 10. O-O-O a5 11. a4 Nc6 12. g4 Rc8 13. Kb1 Nb4 14. g5 Nh5 15.
Qf2 Qe8 16. Bb5 Bd7 17. Rd2 Rxc3 18. bxc3 Bxb5 19. axb5 a4 20. cxb4 axb3 21. c4
Qa8 22. Rd3 Qa4 23. Qb2 Qxb4 24. Qxb3 Qa5 25. Qa3 Qc7 26. Qa4 Nf4 27. b6 Qc8
28. Bxf4 exf4 29. Qb5 Qh3 30. Rhd1 h6 31. c5 hxg5 32. cxd6 Bd8 33. R1d2 Qf1+
34. Kc2 Qa1 35. d7 Qa2+ 36. Qb2 Qc4+ 37. Rc3 Qa4+ 38. Qb3 Qa5 39. Rc8 g4 40.
fxg4 f3 41. Rd5 Qa6 42. Qxf3 Qxb6 43. Qa3 Qf6 44. g5 Qf2+ 45. Rd2 Qb6 46. h4 g6
47. Qc5 1-0

[Event "26. Erfurter Schachfestival 2016 - MT"]
[Site "Erfurt"]
[Date "2016.12.28"]
[Round "5.12"]
[White "Schuette, Marc"]
[Black "Lagunow, Raphael"]
[Result "1/2-1/2"]
[WhiteElo "2108"]
[BlackElo "2267"]
[PlyCount "148"]
[EventDate "2016.12.26"]
[EventCountry "GER"]

1. e4 g6 2. d4 Bg7 3. Nf3 d6 4. c3 Nf6 5. Bd3 O-O 6. O-O Nc6 7. Re1 e5 8. Nbd2
Re8 9. dxe5 Nxe5 10. Nxe5 dxe5 11. Nc4 b6 12. Bg5 Bb7 13. f3 h6 14. Be3 Qe7 15.
Qd2 Rad8 16. Rad1 Nh5 17. Qf2 Rf8 18. Qc2 Bc6 19. Bf1 Rde8 20. Bf2 Nf4 21. Ne3
Qg5 22. g3 Ne6 23. h4 Qf6 24. Bg2 Bh8 25. Ng4 Qg7 26. Be3 h5 27. Bh6 Qh7 28.
Bxf8 Kxf8 29. Ne3 Bf6 30. Nd5 Bd8 31. Qd2 Qg7 32. Nb4 Bb7 33. Bh3 a5 34. Bxe6
fxe6 35. Qxd8 Rxd8 36. Rxd8+ Ke7 37. Red1 Bd5 38. Nxd5+ Kxd8 39. Nxb6+ Ke8 40.
Nc4 g5 41. hxg5 Qxg5 42. Kf2 h4 43. gxh4 Qxh4+ 44. Ke2 Qh2+ 45. Kd3 a4 46. a3
Ke7 47. Nd2 Qf2 48. Rh1 Qg2 49. Rh8 Qg1 50. Ke2 Qa7 51. Kd3 Qg1 52. Rh7+ Kd8
53. Rh8+ Ke7 54. Ra8 Qd1 55. Ra6 Kd7 56. Ra7 Kd6 57. Ra5 c5 58. c4 Kc6 59. Rb5
Kd6 60. Rb6+ Kd7 61. Ra6 Ke7 62. Rc6 Qc1 63. Rb6 Qd1 64. Ke3 Qc2 65. Ke2 Kd7
66. Rb5 Kc6 67. b3 axb3 68. Rxb3 Qa2 69. Kd3 Qa1 70. Ke2 Qa2 71. Kd1 Kd6 72.
Rd3+ Kc6 73. Rb3 Kd6 74. Rc3 Kc6 1/2-1/2

[Event "26. Erfurter Schachfestival 2016 - MT"]
[Site "Erfurt"]
[Date "2016.12.28"]
[Round "5.13"]
[White "Berchtenbreiter, Maximilian"]
[Black "Weber, Samuel"]
[Result "1-0"]
[WhiteElo "2384"]
[BlackElo "2011"]
[PlyCount "99"]
[EventDate "2016.12.26"]
[EventCountry "GER"]

1. e4 d5 2. exd5 Nf6 3. c4 e6 4. Nc3 exd5 5. cxd5 Nxd5 6. Nf3 Be7 7. Bc4 Be6 8.
Qb3 Nxc3 9. Bxe6 fxe6 10. dxc3 Qd5 11. c4 Qe4+ 12. Be3 O-O 13. O-O c5 14. Rfe1
Qc6 15. Rad1 Nd7 16. Bg5 Rae8 17. Qd3 Nf6 18. Ne5 Qc7 19. Rd2 Ng4 20. Nxg4 Bxg5
21. Rde2 Qf4 22. Qe4 h5 23. Ne5 Qxe4 24. Rxe4 Bf6 25. Nd7 Rf7 26. Nxc5 Bxb2 27.
Nxe6 Rd7 28. h4 Rd2 29. R4e2 Rxe2 30. Rxe2 Bf6 31. g3 Rc8 32. Re4 Kf7 33. Nf4
Rc5 34. Kg2 Ra5 35. Re2 Rc5 36. Rd2 g5 37. Rd7+ Ke8 38. Rd5 Rxd5 39. Nxd5 Bd8
40. g4 gxh4 41. gxh5 Kd7 42. Kh3 Ke6 43. Kg4 h3 44. Kxh3 b5 45. h6 Kf7 46. c5
a5 47. Kg4 Kg6 48. h7 Kxh7 49. Kf5 a4 50. Nc3 1-0

[Event "26. Erfurter Schachfestival 2016 - MT"]
[Site "Erfurt"]
[Date "2016.12.28"]
[Round "5.14"]
[White "Nguyen, Huy Dat"]
[Black "Zelbel, Patrick"]
[Result "1/2-1/2"]
[WhiteElo "2168"]
[BlackElo "2448"]
[PlyCount "45"]
[EventDate "2016.12.26"]
[EventCountry "GER"]

1. e4 e5 2. Nf3 Nc6 3. Bb5 f5 4. d3 fxe4 5. dxe4 Nf6 6. O-O Bc5 7. Bg5 d6 8.
Nc3 h6 9. Bxf6 Qxf6 10. Nd5 Qd8 11. b4 Bb6 12. c4 O-O 13. c5 dxc5 14. Bc4 Kh7
15. b5 Nd4 16. Nxe5 c6 17. bxc6 bxc6 18. Ne3 Qg5 19. Nf7 Qg6 20. Ne5 Qg5 21.
Nf7 Qg6 22. Ne5 Qg5 23. Nf7 1/2-1/2

[Event "26. Erfurter Schachfestival 2016 - MT"]
[Site "Erfurt"]
[Date "2016.12.28"]
[Round "5.15"]
[White "Olsen, Filip Boe"]
[Black "Thinius, Marco"]
[Result "0-1"]
[WhiteElo "2157"]
[BlackElo "2357"]
[PlyCount "80"]
[EventDate "2016.12.26"]
[EventCountry "GER"]

1. d4 Nf6 2. Nf3 g6 3. Bf4 Bg7 4. e3 d6 5. h3 Nbd7 6. Be2 b6 7. O-O Bb7 8. Nbd2
O-O 9. Bh2 c5 10. c3 Qc7 11. a4 a6 12. Qb3 Bc6 13. Ne1 Qb7 14. Bf3 b5 15. Nc2
Rfb8 16. axb5 axb5 17. Rxa8 Rxa8 18. Na3 Rb8 19. Nc2 c4 20. Bxc6 Qxc6 21. Nb4
Qb7 22. Qd1 Ra8 23. Qf3 Qxf3 24. gxf3 Nb6 25. Nb1 Nfd5 26. Nxd5 Nxd5 27. e4 Nb6
28. Na3 b4 29. Nb1 Ra2 30. cxb4 Bxd4 31. Rd1 Rxb2 32. Rxd4 Rxb1+ 33. Kg2 c3 34.
Rd3 c2 35. Bf4 c1=Q 36. Bxc1 Rxc1 37. Rb3 Rc4 38. Kf1 Kg7 39. Ke2 Kf6 40. Ke3
g5 0-1

[Event "26. Erfurter Schachfestival 2016 - MT"]
[Site "Erfurt"]
[Date "2016.12.29"]
[Round "6.1"]
[White "Carlstedt, Jonathan"]
[Black "Glantz, Robert"]
[Result "1/2-1/2"]
[WhiteElo "2412"]
[BlackElo "2314"]
[PlyCount "117"]
[EventDate "2016.12.26"]
[EventCountry "GER"]

1. e4 c5 2. Nf3 e6 3. b3 b6 4. Bb2 Bb7 5. Bd3 Nf6 6. Nc3 d6 7. Qe2 Nbd7 8.
O-O-O a6 9. Ng5 h6 10. Nh3 Ne5 11. f4 Nxd3+ 12. Qxd3 Qc7 13. Qe2 O-O-O 14. e5
Nd7 15. exd6 Qxd6 16. Ne4 Qc6 17. Rhe1 Rg8 18. d4 Qxe4 19. Qxe4 Bxe4 20. Rxe4
Nf6 21. Re2 cxd4 22. Rxd4 Rxd4 23. Bxd4 Ba3+ 24. Kb1 Nd7 25. Nf2 Kc7 26. Nd3
Bd6 27. h4 g5 28. fxg5 hxg5 29. h5 e5 30. Bc3 g4 31. Rf2 f6 32. Rf5 Kc6 33. h6
Kd5 34. Rh5 Ke6 35. Nf2 f5 36. Nd3 Nf6 37. Rh1 Rh8 38. a4 Rh7 39. Kb2 Ne4 40.
b4 Nxc3 41. Kxc3 e4 42. Nc1 Be5+ 43. Kb3 f4 44. Rh4 g3 45. Ne2 Kf5 46. Rh5+ Kf6
47. Ng1 Bd4 48. Ne2 Be3 49. c4 Kg6 50. Re5 Rd7 51. Rd5 Re7 52. c5 bxc5 53. bxc5
Kxh6 54. c6 Rc7 55. Re5 Rxc6 56. Rxe4 Kg5 57. Nxg3 fxg3 58. Rxe3 Kf4 59. Rf3+
1/2-1/2

[Event "26. Erfurter Schachfestival 2016 - MT"]
[Site "Erfurt"]
[Date "2016.12.29"]
[Round "6.2"]
[White "Lubbe, Melanie"]
[Black "Enders, Peter"]
[Result "0-1"]
[WhiteElo "2295"]
[BlackElo "2446"]
[PlyCount "102"]
[EventDate "2016.12.26"]
[EventCountry "GER"]

1. e4 e6 2. d4 d5 3. Nc3 Bb4 4. Nge2 Nc6 5. a3 Ba5 6. b4 Bb6 7. Bb2 Nh6 8. g3
O-O 9. Bg2 Qf6 10. Na4 dxe4 11. O-O e5 12. dxe5 Nxe5 13. Bxe4 Bh3 14. Nxb6 axb6
15. Re1 Rad8 16. Qc1 Nf3+ 17. Bxf3 Qxf3 18. Nf4 Bf5 19. Qe3 Qxe3 20. Rxe3 Bxc2
21. Re7 Nf5 22. Rxc7 Be4 23. Re1 Rfe8 24. Rc4 Bc6 25. Rxe8+ Rxe8 26. Rc1 f6 27.
h3 Kf7 28. g4 Nd6 29. Bd4 b5 30. Be3 Nc4 31. Rc3 Rd8 32. Ne2 Rd1+ 33. Kh2 Ra1
34. Kg3 Nxa3 35. Rc1 Ra2 36. Nd4 Nc4 37. Rc3 Ra4 38. Nc2 Be4 39. Bc5 b6 40. Nd4
bxc5 41. Nxb5 Rxb4 42. Rxc4 Rxc4 43. Nd6+ Ke6 44. Nxc4 Kd5 45. Ne3+ Kd4 46. h4
c4 47. g5 fxg5 48. hxg5 c3 49. Kg4 c2 50. Nxc2+ Bxc2 51. f4 g6 0-1